Fertility of stallion spermatozoa extended in cream-gelatin and gelding serum diluents /

Bibliographic Details
Main Author: Anderson, Kelly James, 1961-
Format: Thesis Book
Language:English
Published: [Place of publication not identified] : [publisher not identified] ; 1987.
Subjects:

MARC

Tag First Indicator Second Indicator Subfields
LEADER 00000cam a2200000 a 4500
001 in00000033383
005 20151007060611.0
008 880922s1987 xx b 00010 eng d
035 |a (OCoLC)18516516 
035 |9 AAC1248AM 
040 |a TXA  |c TXA  |d UtOrBLW 
049 |a TXAZ [Also in] [Archives]  |c 1 [A10033905], 2 [A10033913] 
099 |a 1987  |a Thesis  |a A547 
100 1 |a Anderson, Kelly James,  |d 1961- 
245 1 0 |a Fertility of stallion spermatozoa extended in cream-gelatin and gelding serum diluents /  |c Kelly James Anderson. 
264 1 |a [Place of publication not identified] :  |b [publisher not identified] ;  |c 1987. 
300 |a vi, 22 leaves ;  |c 28 cm. 
336 |a text  |b txt  |2 rdacontent 
337 |a unmediated  |b n  |2 rdamedia 
338 |a volume  |b nc  |2 rdacarrier 
500 |a Typescript (photocopy). 
502 |b M. Ag.  |c Texas A&M University  |d 1987. 
500 |a Vita. 
504 |a Bibliography: leaves 19-21. 
500 |a "Major subject: Animal Science." 
650 0 |a Spermatozoa  |x Preservation. 
650 0 |a Horses  |x Artificial insemination. 
650 4 |a Major animal science. 
999 |a MARS 
999 f f |s 51fe5318-ed9c-3cf8-9a8c-eb65865dd428  |i 676749b7-f41c-3e80-8c20-8e5384edc7e9  |t 0 
952 f f |p noncirc  |a Texas A&M University  |b J.J. Pickle Campus  |c High Density Repository  |s HDR  |d Remote Storage  |t 0  |e 1987 Thesis A547  |h Other scheme  |i unmediated -- volume  |m A14839625711 
998 f f |a 1987 Thesis A547  |t 0  |l Remote Storage